000 00455 a2200157 i 4500
001 205579
003 58864
090 _a205579
100 _a u||y y50 zz
200 _aГід. Продавець солодощів
_fР. К . Нараян
_gпер. з англ.
210 _d1974
_a Київ
_cДніпро
215 _a364 с.
__364
_cіл.
675 _a82-3
700 _aНараян
_bР..К
942 _2udc
_cBOOK
_j82-3
_z58864
999 _c58864
_d58864